[Event "Irish Championship 2008"]
[Site "Dublin IRL"]
[Date "2008.07.09"]
[Round "5"]
[White "Greenfeld, Alon"]
[Black "Daly, Colm"]
[Result "1/2-1/2"]
[WhiteTitle "GM"]
[BlackTitle "FM"]
[WhiteElo "2545"]
[BlackElo "2311"]
[BlackICU "2277"]
[WhiteNationality "ISR"]
[BlackNationality "IRL"]
[WhiteFideId "2800039"]
[BlackFideId "2500434"]
[BlackICUId "295"]
[PlyCount "73"]
[EventDate "2008.07.05"]
[Source "ICU web site; TWIC 714"]

{ Source: Mark Orr, <a href="https://www.icu.ie/articles/188">Irish Chess
Championships 2008</a>, ICU web site; TWIC 714. } { Event information: <a
href="https://www.irlchess.com/irlch2008_allfiles/pairings_irlch2008.html">Tournament
report</a>. }

1. d4 Nf6 2. Nf3 g6 3. Bg5 Bg7 4. Nbd2 O-O 5. c3 d6 6. e4 Nbd7 7. Bd3 e5 8.
O-O h6 9. Bh4 Qe8 10. a4 Nh5 11. a5 a6 12. Re1 Bf6 13. Bxf6 Nhxf6 14. Nc4
Qe7 15. Qb3 Re8 16. Rad1 Kg7 17. Bb1 Qf8 18. h3 Rb8 19. Re3 Nh5 20. Ba2 Nf4
21. Kh2 Qe7 22. Rd2 Qf6 23. Ng1 Ne6 24. Qd1 h5 25. Bb3 h4 26. Ba4 exd4 27.
cxd4 Ng5 28. Qe2 Rh8 29. Nf3 b5 30. axb6 Nxb6 31. Nxb6 Rxb6 32. Nxg5 Qxg5
33. Qf3 Bb7 34. Rc2 c5 35. Rb3 Rxb3 36. Bxb3 Rf8 37. dxc5 1/2-1/2

[Event "Irish Championship 2008"]
[Site "Dublin IRL"]
[Date "2008.07.09"]
[Round "5"]
[White "Fitzsimons, David"]
[Black "Fox, Anthony"]
[Result "1/2-1/2"]
[WhiteElo "2133"]
[BlackElo "2068"]
[WhiteICU "2118"]
[BlackICU "2054"]
[WhiteClub "Elm Mount"]
[BlackClub "Dun Laoghaire"]
[WhiteNationality "IRL"]
[WhiteFideId "2501961"]
[BlackFideId "2500736"]
[WhiteICUId "6236"]
[BlackICUId "456"]
[PlyCount "100"]
[EventDate "2008.07.05"]
[Source "ICU web site; TWIC 714"]

{ Source: Mark Orr, <a href="https://www.icu.ie/articles/188">Irish Chess
Championships 2008</a>, ICU web site; TWIC 714. } { Event information: <a
href="https://www.irlchess.com/irlch2008_allfiles/pairings_irlch2008.html">Tournament
report</a>. }

1. e4 e5 2. Nf3 Nc6 3. d4 exd4 4. Bc4 Nf6 5. e5 d5 6. Bb5 Ne4 7. Nxd4 Bd7
8. Bxc6 bxc6 9. O-O Bc5 10. f3 Ng5 11. f4 Ne4 12. Be3 Qe7 13. Nd2 Nxd2 14.
Qxd2 O-O 15. Rae1 Bb6 16. f5 Qxe5 17. f6 Qh5 18. Rf4 Rfe8 19. Qf2 g5 20.
Rf3 Bxd4 21. Bxd4 Rxe1+ 22. Qxe1 Re8 23. Qd2 Re4 24. Rg3 h6 25. Bxa7 Re2
26. Qc3 Qg6 27. Re3 Rxc2 28. Qe5 Rc1+ 29. Kf2 Rc2+ 30. Re2 Rc4 31. Bd4 c5
32. Bc3 Rf4+ 33. Kg1 d4 34. Bd2 Rxf6 35. Qxc5 Qf5 36. Qxf5 Rxf5 37. b4 Bb5
38. Re1 Kg7 39. Rc1 c6 40. g3 Re5 41. Re1 Kf6 42. Kf2 Rxe1 43. Kxe1 Kf5 44.
Bc1 h5 45. Bb2 Ke4 46. Bc1 f6 47. Kf2 Kd3 48. Bb2 Ba4 49. a3 Bb3 50. Kf3
Bd1+ 1/2-1/2

[Event "Irish Championship 2008"]
[Site "Dublin IRL"]
[Date "2008.07.09"]
[Round "5"]
[White "Griffiths, Ryan-Rhys"]
[Black "Healy, John"]
[Result "1/2-1/2"]
[WhiteElo "2069"]
[BlackElo "1864"]
[WhiteICU "2100"]
[BlackICU "1777"]
[WhiteClub "Kilkenny"]
[BlackClub "St. Benildus"]
[WhiteNationality "IRL"]
[BlackNationality "IRL"]
[WhiteFideId "2502054"]
[BlackFideId "2500965"]
[WhiteICUId "6897"]
[BlackICUId "4563"]
[PlyCount "31"]
[EventDate "2008.07.05"]
[Source "ICU web site; TWIC 714"]

{ Source: Mark Orr, <a href="https://www.icu.ie/articles/188">Irish Chess
Championships 2008</a>, ICU web site; TWIC 714. } { Event information: <a
href="https://www.irlchess.com/irlch2008_allfiles/pairings_irlch2008.html">Tournament
report</a>. }

1. e4 c5 2. Na3 d6 3. c3 Nf6 4. g3 g6 5. Bg2 Bg7 6. Ne2 O-O 7. d4 Nbd7 8.
O-O Rb8 9. f4 e5 10. fxe5 dxe5 11. dxc5 Nxc5 12. Qxd8 Rxd8 13. Bg5 Bg4 14.
Nc1 Rd1 15. Rxd1 Bxd1 16. Be3 1/2-1/2

[Event "Irish Championship 2008"]
[Site "Dublin IRL"]
[Date "2008.07.09"]
[Round "5"]
[White "Jeffares, Simon"]
[Black "Boyle, Bernard"]
[Result "0-1"]
[WhiteElo "2111"]
[BlackElo "1945"]
[WhiteICU "2106"]
[BlackICU "1798"]
[WhiteClub "St. Benildus"]
[BlackClub "Elm Mount"]
[WhiteNationality "IRL"]
[BlackNationality "IRL"]
[WhiteFideId "2501376"]
[BlackFideId "2501830"]
[WhiteICUId "3568"]
[BlackICUId "3172"]
[PlyCount "76"]
[EventDate "2008.07.05"]
[Source "ICU web site; TWIC 714"]

{ Source: Mark Orr, <a href="https://www.icu.ie/articles/188">Irish Chess
Championships 2008</a>, ICU web site; TWIC 714. } { Event information: <a
href="https://www.irlchess.com/irlch2008_allfiles/pairings_irlch2008.html">Tournament
report</a>. }

1. e4 e6 2. d4 d5 3. Nd2 Nf6 4. Bd3 dxe4 5. Nxe4 Nxe4 6. Bxe4 c5 7. Nf3
cxd4 8. Nxd4 Bc5 9. Nf3 Qxd1+ 10. Kxd1 Bxf2 11. Ke2 Bb6 12. b3 Nd7 13. Nd2
Nf6 14. Bf3 O-O 15. Bb2 e5 16. h3 Re8 17. g4 e4 18. Bg2 Bd7 19. Bxf6 gxf6
20. Nf1 f5 21. gxf5 Bxf5 22. Ng3 Bg6 23. Rhf1 Rad8 24. c4 Rd3 25. Nf5 Bh5+
26. Ke1 Ba5+ 27. Kf2 e3+ 28. Kg1 e2 29. Bd5 exf1=Q+ 30. Rxf1 Bb6+ 31. Kh1
Rd1 32. Rxd1 Bxd1 33. Nh6+ Kg7 34. Nf5+ Kf6 35. Nd6 Re1+ 36. Kg2 Re2+ 37.
Kf1 Rxa2 38. Nxb7 Bxb3 0-1

[Event "Irish Championship 2008"]
[Site "Dublin IRL"]
[Date "2008.07.09"]
[Round "5"]
[White "Cafolla, Peter"]
[Black "Short, Stephen"]
[Result "0-1"]
[WhiteElo "2055"]
[BlackElo "2033"]
[WhiteICU "2004"]
[BlackICU "1871"]
[WhiteClub "Rathmines"]
[BlackClub "Cork"]
[WhiteNationality "IRL"]
[BlackNationality "IRL"]
[WhiteFideId "2500884"]
[BlackFideId "2500108"]
[WhiteICUId "159"]
[BlackICUId "1497"]
[PlyCount "90"]
[EventDate "2008.07.05"]
[Source "ICU web site; TWIC 714"]

{ Source: Mark Orr, <a href="https://www.icu.ie/articles/188">Irish Chess
Championships 2008</a>, ICU web site; TWIC 714. } { Event information: <a
href="https://www.irlchess.com/irlch2008_allfiles/pairings_irlch2008.html">Tournament
report</a>. }

1. d4 Nf6 2. c4 g6 3. Nc3 Bg7 4. Bg5 O-O 5. e3 c5 6. d5 d6 7. Be2 Na6 8.
Nf3 Nc7 9. O-O Bd7 10. Rb1 Rb8 11. Qd2 b5 12. cxb5 Nxb5 13. Bxb5 Bxb5 14.
Rfe1 Qc7 15. e4 Ng4 16. Bf4 f6 17. h3 Ne5 18. Nxe5 fxe5 19. Be3 Bd7 20. b3
Rf7 21. Rec1 h5 22. Rc2 Kh7 23. Nd1 a5 24. a3 Qd8 25. Rcb2 Bf6 26. Qc1 Qg8
27. Bd2 g5 28. Bxa5 Ra8 29. b4 g4 30. hxg4 Bxg4 31. Rb3 Bg5 32. Qc2 Bh4 33.
Bb6 Qg6 34. R1b2 Rg8 35. g3 Bf3 36. Rxf3 Rxf3 37. Rb3 Rxb3 38. Qxb3 cxb4
39. axb4 Qxe4 40. b5 Bf6 41. Ne3 h4 42. g4 h3 43. Bc7 Rxg4+ 44. Kh2 Rg2+
45. Kxh3 Qf3# 0-1

[Event "Irish Championship 2008"]
[Site "Dublin IRL"]
[Date "2008.07.09"]
[Round "5"]
[White "Loughran, John"]
[Black "O'Connell, Gerard"]
[Result "0-1"]
[WhiteElo "1805"]
[BlackElo "2122"]
[WhiteICU "1654"]
[BlackICU "2105"]
[WhiteClub "Elm Mount"]
[BlackClub "St. Benildus"]
[WhiteNationality "IRL"]
[BlackNationality "IRL"]
[WhiteFideId "2501562"]
[BlackFideId "2500493"]
[WhiteICUId "795"]
[BlackICUId "1231"]
[PlyCount "80"]
[EventDate "2008.07.05"]
[Source "ICU web site; TWIC 714"]

{ Source: Mark Orr, <a href="https://www.icu.ie/articles/188">Irish Chess
Championships 2008</a>, ICU web site; TWIC 714. } { Event information: <a
href="https://www.irlchess.com/irlch2008_allfiles/pairings_irlch2008.html">Tournament
report</a>. }

1. e4 c5 2. Nf3 d6 3. d4 cxd4 4. Nxd4 Nf6 5. Nc3 g6 6. Be3 Bg7 7. f3 Nc6 8.
Qd2 O-O 9. Bc4 Bd7 10. O-O-O Rc8 11. Bb3 Ne5 12. h4 Nc4 13. Bxc4 Rxc4 14.
Kb1 b5 15. h5 Nxh5 16. g4 Nf6 17. e5 dxe5 18. Ndxb5 Qb8 19. g5 Bxb5 20.
gxf6 exf6 21. Bh6 Rd4 22. Qh2 Rxd1+ 23. Nxd1 Rd8 24. Nc3 Bc6 25. Bxg7 Kxg7
26. Qh6+ Kg8 27. Qxh7+ Kf8 28. Qh6+ Ke7 29. Qe3 Qb6 30. Qe2 Rb8 31. Nd1 Bd5
32. Rh4 Qc6 33. Rh3 Bxa2+ 34. Kc1 Be6 35. Rh1 Qa4 36. Qe3 Qa1+ 37. Kd2 Rd8+
38. Ke2 Qa6+ 39. Kf2 Qb6 40. b3 Rd2+ 0-1

[Event "Irish Championship 2008"]
[Site "Dublin IRL"]
[Date "2008.07.09"]
[Round "5"]
[White "Benson, Oisin P."]
[Black "Lyons, Brendan"]
[Result "1/2-1/2"]
[WhiteElo "1852"]
[BlackElo "2088"]
[WhiteICU "1785"]
[BlackICU "1868"]
[WhiteClub "St. Benildus"]
[BlackClub "St. Benildus"]
[WhiteNationality "IRL"]
[BlackNationality "IRL"]
[WhiteFideId "2501821"]
[BlackFideId "2500698"]
[WhiteICUId "5884"]
[BlackICUId "817"]
[PlyCount "49"]
[EventDate "2008.07.05"]
[Source "ICU web site; TWIC 714"]
[WhiteFullName "Benson, Ois&iacute;n P."]

{ Source: Mark Orr, <a href="https://www.icu.ie/articles/188">Irish Chess
Championships 2008</a>, ICU web site; TWIC 714. } { Event information: <a
href="https://www.irlchess.com/irlch2008_allfiles/pairings_irlch2008.html">Tournament
report</a>. }

1. Nf3 c5 2. e3 g6 3. d4 cxd4 4. exd4 Bg7 5. Bd3 d6 6. O-O Nf6 7. c3 O-O 8.
Bg5 Bg4 9. h3 Bd7 10. Nbd2 Qc8 11. Kh2 Bf5 12. Bxf5 Qxf5 13. Re1 Re8 14.
Qb3 b6 15. Re2 Nbd7 16. Rae1 e6 17. Ne4 Nxe4 18. Rxe4 e5 19. Qd5 Qe6 20.
Qxe6 Rxe6 21. dxe5 dxe5 22. Be3 Bf8 23. Kg1 Rc8 24. Rd1 Rd6 25. Rxd6
1/2-1/2

[Event "Irish Championship 2008"]
[Site "Dublin IRL"]
[Date "2008.07.09"]
[Round "5"]
[White "McCarthy, Tim"]
[Black "Ui Laighleis, Gearoidin"]
[Result "1-0"]
[WhiteElo "2020"]
[BlackElo "1985"]
[WhiteICU "1865"]
[BlackICU "1581"]
[WhiteClub "St. Benildus"]
[BlackClub "Aer Lingus"]
[WhiteNationality "IRL"]
[BlackNationality "IRL"]
[WhiteFideId "2500710"]
[BlackFideId "2501171"]
[WhiteICUId "1032"]
[BlackICUId "3364"]
[PlyCount "61"]
[EventDate "2008.07.05"]
[Source "ICU web site; TWIC 714"]
[BlackFullName "U&iacute; Laighl&eacute;is, Gear&oacute;id&iacute;n"]

{ Source: Mark Orr, <a href="https://www.icu.ie/articles/188">Irish Chess
Championships 2008</a>, ICU web site; TWIC 714. } { Event information: <a
href="https://www.irlchess.com/irlch2008_allfiles/pairings_irlch2008.html">Tournament
report</a>. }

1. d4 Nf6 2. c4 g6 3. Nc3 d5 4. Nf3 Bg7 5. Qb3 dxc4 6. Qxc4 O-O 7. e4 c6 8.
Qb3 Nfd7 9. Bg5 Nb6 10. Rd1 N8d7 11. e5 Nb8 12. Be2 Be6 13. Qc2 Nd5 14. O-O
Re8 15. Qd2 Nxc3 16. bxc3 Nd7 17. Bh6 Bg4 18. Bxg7 Bxf3 19. Bh6 Bxe2 20.
Qxe2 Nb6 21. h4 Nd5 22. Rd3 e6 23. Bg5 Ne7 24. h5 Qd5 25. Qe3 Nf5 26. Qf4
gxh5 27. Rh3 f6 28. Bxf6 Kf7 29. Rxh5 h6 30. Rxh6 Nxh6 31. Qxh6 1-0

[Event "Irish Championship 2008"]
[Site "Dublin IRL"]
[Date "2008.07.09"]
[Round "5"]
[White "Jessel, Stephen"]
[Black "Hebden, Mark"]
[Result "0-1"]
[WhiteTitle "FM"]
[BlackTitle "GM"]
[WhiteElo "2294"]
[BlackElo "2520"]
[WhiteICU "2239"]
[WhiteClub "Phibsboro"]
[WhiteNationality "IRL"]
[BlackNationality "ENG"]
[WhiteFideId "628859"]
[BlackFideId "400084"]
[WhiteICUId "4790"]
[BlackICUId "7292"]
[PlyCount "150"]
[EventDate "2008.07.05"]
[Source "ICU web site; TWIC 714"]

{ Source: Mark Orr, <a href="https://www.icu.ie/articles/188">Irish Chess
Championships 2008</a>, ICU web site; TWIC 714. } { Event information: <a
href="https://www.irlchess.com/irlch2008_allfiles/pairings_irlch2008.html">Tournament
report</a>. }

1. e4 e5 2. Nf3 Nc6 3. Bc4 Nf6 4. d3 Be7 5. O-O O-O 6. Bb3 d6 7. c3 Na5 8.
Bc2 c5 9. Nbd2 Re8 10. a3 a6 11. b4 Nc6 12. Re1 Bf8 13. Bb2 Be6 14. h3 d5
15. Ng5 d4 16. Rb1 cxb4 17. cxb4 a5 18. b5 Na7 19. Nxe6 fxe6 20. Bc1 Nc8
21. Nc4 Nd7 22. Qh5 g6 23. Qg5 Qxg5 24. Bxg5 a4 25. Bd2 Ncb6 26. Nxb6 Nxb6
27. Ra1 Rec8 28. Rec1 Nd7 29. Kf1 h5 30. Ke2 Rc5 31. Rab1 Nb6 32. Bd1 Rxc1
33. Bxc1 Kh7 34. h4 Rc8 35. Ra1 Bh6 36. Bxh6 Kxh6 37. Kd2 Rc3 38. Bc2 Kg7
39. Kc1 Kf6 40. Kd2 Ke7 41. Ra2 Kd6 42. Bd1 Kc5 43. g4 hxg4 44. Bxg4 Kd6
45. Bd1 Rc8 46. Rb2 Rf8 47. Ke1 Rh8 48. Rb4 Rxh4 49. Bxa4 Rh1+ 50. Kd2 Ra1
51. Bc2 Rxa3 52. Rb1 Nd7 53. Rg1 Nf8 54. Rg5 b6 55. Kc1 Ra5 56. Bb3 Rxb5
57. Bc4 Rc5 58. Kb2 b5 59. Bb3 Rc3 60. Bc2 b4 61. Rg3 Ke7 62. Bb3 Nd7 63.
Bc4 Nc5 64. Bb5 Kd6 65. Kb1 b3 66. Bc4 Nxe4 67. dxe4 Rxc4 68. Rxb3 Ke7 69.
Rb5 Kf6 70. Ra5 Rc3 71. Ra8 Kg5 72. Rf8 Kg4 73. Rf6 g5 74. Kb2 Rf3 75. Rxe6
Kf4 0-1

[Event "Irish Championship 2008"]
[Site "Dublin IRL"]
[Date "2008.07.09"]
[Round "5"]
[White "Orr, Mark J. L."]
[Black "Quinn, Ciaran"]
[Result "1/2-1/2"]
[WhiteTitle "IM"]
[WhiteElo "2258"]
[BlackElo "2156"]
[WhiteICU "2199"]
[BlackICU "1923"]
[WhiteClub "Wandering Dragons SCO"]
[BlackClub "Elm Mount"]
[WhiteNationality "IRL"]
[BlackNationality "IRL"]
[WhiteFideId "2500035"]
[BlackFideId "2500817"]
[WhiteICUId "1350"]
[BlackICUId "1398"]
[PlyCount "62"]
[EventDate "2008.07.05"]
[Source "ICU web site; TWIC 714"]
[BlackFullName "Quinn, Ciar&aacute;n"]

{ Source: Mark Orr, <a href="https://www.icu.ie/articles/188">Irish Chess
Championships 2008</a>, ICU web site; TWIC 714. } { Event information: <a
href="https://www.irlchess.com/irlch2008_allfiles/pairings_irlch2008.html">Tournament
report</a>. }

1. d4 Nf6 2. c4 e6 3. Nf3 d5 4. Nc3 Be7 5. Bg5 O-O 6. e3 Nbd7 7. Rc1 Re8 8.
Bd3 c6 9. O-O dxc4 10. Bxc4 Nd5 11. Bxe7 Qxe7 12. Re1 Nxc3 13. Rxc3 e5 14.
h3 e4 15. Nd2 Nb6 16. Qh5 Be6 17. a3 Rad8 18. Bxe6 Qxe6 19. Qa5 Nd5 20. Rc2
a6 21. Qa4 Rd6 22. Qc4 Qd7 23. Qf1 Rg6 24. g3 b5 25. Kh2 f5 26. Nb1 f4 27.
exf4 Qf5 28. Rce2 Nxf4 29. gxf4 Qxf4+ 30. Kh1 Qf3+ 31. Kh2 Qf4+ 1/2-1/2

[Event "Irish Championship 2008"]
[Site "Dublin IRL"]
[Date "2008.07.10"]
[Round "6"]
[White "Boyle, Bernard"]
[Black "Orr, Mark J. L."]
[Result "0-1"]
[BlackTitle "IM"]
[WhiteElo "1945"]
[BlackElo "2258"]
[WhiteICU "1798"]
[BlackICU "2199"]
[WhiteClub "Elm Mount"]
[BlackClub "Wandering Dragons SCO"]
[WhiteNationality "IRL"]
[BlackNationality "IRL"]
[WhiteFideId "2501830"]
[BlackFideId "2500035"]
[WhiteICUId "3172"]
[BlackICUId "1350"]
[PlyCount "100"]
[EventDate "2008.07.05"]
[Source "ICU web site; TWIC 714"]

{ Source: Mark Orr, <a href="https://www.icu.ie/articles/188">Irish Chess
Championships 2008</a>, ICU web site; TWIC 714. } { Event information: <a
href="https://www.irlchess.com/irlch2008_allfiles/pairings_irlch2008.html">Tournament
report</a>. }

1. d4 Nf6 2. Bf4 g6 3. e3 Bg7 4. Nf3 d6 5. Be2 O-O 6. h3 b6 7. a4 c5 8. O-O
a6 9. Nc3 Nbd7 10. Qd2 Bb7 11. Rfd1 Rc8 12. d5 Ne8 13. e4 Ne5 14. Nxe5 dxe5
15. Bh6 Nd6 16. Bxg7 Kxg7 17. h4 f6 18. Bg4 Rb8 19. Qe3 Bc8 20. Be6 Bxe6
21. dxe6 Qc8 22. Qh3 f5 23. exf5 Rxf5 24. g4 Rf8 25. g5 Rf5 26. Rxd6 exd6
27. Ne4 Qxe6 28. Ng3 d5 29. Ra3 Re8 30. Nxf5+ Qxf5 31. Kg2 Qxh3+ 32. Rxh3
e4 33. Rb3 Re6 34. c4 dxc4 35. Rc3 b5 36. axb5 axb5 37. b3 Rd6 38. bxc4 b4
39. Rc1 Rd3 40. Re1 Kf7 41. Rxe4 Rd4 42. Kf3 Rxe4 43. Kxe4 Ke6 44. f4 b3
45. Kd3 Kf5 46. Kc3 Kxf4 47. Kxb3 Ke4 48. Kc3 Ke3 49. Kc2 Kd4 50. Kd2 Kxc4
0-1

[Event "Irish Championship 2008"]
[Site "Dublin IRL"]
[Date "2008.07.10"]
[Round "6"]
[White "Short, Stephen"]
[Black "Benson, Oisin P."]
[Result "0-1"]
[WhiteElo "2033"]
[BlackElo "1852"]
[WhiteICU "1871"]
[BlackICU "1785"]
[WhiteClub "Cork"]
[BlackClub "St. Benildus"]
[WhiteNationality "IRL"]
[BlackNationality "IRL"]
[WhiteFideId "2500108"]
[BlackFideId "2501821"]
[WhiteICUId "1497"]
[BlackICUId "5884"]
[PlyCount "78"]
[EventDate "2008.07.05"]
[Source "ICU web site; TWIC 714"]
[BlackFullName "Benson, Ois&iacute;n P."]

{ Source: Mark Orr, <a href="https://www.icu.ie/articles/188">Irish Chess
Championships 2008</a>, ICU web site; TWIC 714. } { Event information: <a
href="https://www.irlchess.com/irlch2008_allfiles/pairings_irlch2008.html">Tournament
report</a>. }

1. e4 c5 2. Nf3 d6 3. d4 cxd4 4. Nxd4 Nf6 5. Nc3 a6 6. Be3 e5 7. Nb3 Be6 8.
f3 Be7 9. Qd2 Nbd7 10. O-O-O O-O 11. g4 b5 12. g5 Nh5 13. Bd3 Nb6 14. Kb1
b4 15. Ne2 a5 16. Ng3 Nf4 17. h4 Nxd3 18. Qxd3 Nc4 19. Bc1 a4 20. Nd2 Nxd2+
21. Bxd2 b3 22. cxb3 axb3 23. a3 Qb6 24. Nf1 Qa7 25. Bc3 d5 26. exd5 Bxa3
27. bxa3 Qxa3 28. Rh2 Bd7 29. Ne3 g6 30. Bxe5 Rfc8 31. Bc3 b2 32. Kc2 Ba4+
33. Kd2 Bxd1 34. Nxd1 Rab8 35. Qb1 Rc5 36. Re2 Rxd5+ 37. Ke1 Rxd1+ 38. Kxd1
Qxc3 39. Rd2 Qxf3+ 0-1

[Event "Irish Championship 2008"]
[Site "Dublin IRL"]
[Date "2008.07.10"]
[Round "6"]
[White "Conquest, Stuart"]
[Black "Carosso, Andrea"]
[Result "1-0"]
[WhiteTitle "GM"]
[WhiteElo "2536"]
[BlackElo "2046"]
[WhiteNationality "ENG"]
[BlackNationality "ITA"]
[WhiteFideId "400181"]
[BlackFideId "814288"]
[PlyCount "51"]
[EventDate "2008.07.05"]
[Source "ICU web site; TWIC 714"]

{ Source: Mark Orr, <a href="https://www.icu.ie/articles/188">Irish Chess
Championships 2008</a>, ICU web site; TWIC 714. } { Event information: <a
href="https://www.irlchess.com/irlch2008_allfiles/pairings_irlch2008.html">Tournament
report</a>. }

1. e4 c6 2. d4 d5 3. Nd2 dxe4 4. Nxe4 Nd7 5. Ng5 Ngf6 6. Bd3 e6 7. N1f3 Bd6
8. Qe2 h6 9. Ne4 Nxe4 10. Qxe4 Qc7 11. O-O b6 12. Qg4 Kf8 13. Re1 e5 14.
Qh4 Bb7 15. Bf5 exd4 16. Nxd4 Nf6 17. c4 a6 18. Bc2 c5 19. Nf5 Be5 20. Bd2
h5 21. Rxe5 Qxe5 22. Bc3 Qe6 23. Re1 Qc6 24. Be4 Qxe4 25. Rxe4 Bxe4 26.
Nxg7 1-0

[Event "Irish Championship 2008"]
[Site "Dublin IRL"]
[Date "2008.07.10"]
[Round "6"]
[White "Lyons, Brendan"]
[Black "Loughran, John"]
[Result "1/2-1/2"]
[WhiteElo "2088"]
[BlackElo "1805"]
[WhiteICU "1868"]
[BlackICU "1654"]
[WhiteClub "St. Benildus"]
[BlackClub "Elm Mount"]
[WhiteNationality "IRL"]
[BlackNationality "IRL"]
[WhiteFideId "2500698"]
[BlackFideId "2501562"]
[WhiteICUId "817"]
[BlackICUId "795"]
[PlyCount "52"]
[EventDate "2008.07.05"]
[Source "ICU web site; TWIC 714"]

{ Source: Mark Orr, <a href="https://www.icu.ie/articles/188">Irish Chess
Championships 2008</a>, ICU web site; TWIC 714. } { Event information: <a
href="https://www.irlchess.com/irlch2008_allfiles/pairings_irlch2008.html">Tournament
report</a>. }

1. Nf3 Nf6 2. g3 g6 3. Bg2 Bg7 4. O-O O-O 5. d3 d6 6. e4 e5 7. Re1 Bg4 8.
Bg5 h6 9. Be3 Qd7 10. Qd2 Kh7 11. c3 Nc6 12. Na3 Rae8 13. Nh4 Bh3 14. f3
Bxg2 15. Qxg2 d5 16. Rad1 d4 17. Bc1 Ng8 18. g4 Bf6 19. Qg3 Qe7 20. Ng2 Bg5
21. Bxg5 Qxg5 22. h4 Qe7 23. Nb1 Qc5 24. Qf2 Qd6 25. c4 Nf6 26. Nd2 Qe7
1/2-1/2

[Event "Irish Championship 2008"]
[Site "Dublin IRL"]
[Date "2008.07.10"]
[Round "6"]
[White "McCarthy, Tim"]
[Black "Cafolla, Peter"]
[Result "1/2-1/2"]
[WhiteElo "2020"]
[BlackElo "2055"]
[WhiteICU "1865"]
[BlackICU "2004"]
[WhiteClub "St. Benildus"]
[BlackClub "Rathmines"]
[WhiteNationality "IRL"]
[BlackNationality "IRL"]
[WhiteFideId "2500710"]
[BlackFideId "2500884"]
[WhiteICUId "1032"]
[BlackICUId "159"]
[PlyCount "76"]
[EventDate "2008.07.05"]
[Source "ICU web site; TWIC 714"]

{ Source: Mark Orr, <a href="https://www.icu.ie/articles/188">Irish Chess
Championships 2008</a>, ICU web site; TWIC 714. } { Event information: <a
href="https://www.irlchess.com/irlch2008_allfiles/pairings_irlch2008.html">Tournament
report</a>. }

1. d4 d5 2. c4 e6 3. Nc3 c5 4. cxd5 exd5 5. Nf3 Nc6 6. g3 Nf6 7. Bg2 Be7 8.
O-O O-O 9. Bg5 cxd4 10. Nxd4 h6 11. Be3 Re8 12. Qb3 Na5 13. Qc2 Bg4 14. Nf5
Bb4 15. h3 Bh5 16. Rfd1 Rc8 17. g4 Bg6 18. Rac1 Kh7 19. Qb1 Re5 20. Nxd5
Rxc1 21. Nxf6+ Qxf6 22. Rxc1 Rxf5 23. gxf5 Bxf5 24. Qa1 Qg6 25. Bf4 Bd2 26.
Bg3 Bxc1 27. Qxc1 Qe6 28. Qf4 Bg6 29. b4 Nc6 30. b5 Na5 31. Qa4 b6 32. e4
Nc4 33. Qc2 Nd6 34. Qc6 Nxe4 35. Qxe6 fxe6 36. Bxe4 Bxe4 37. Bb8 Bd3 38.
Bxa7 Bxb5 1/2-1/2